01784cam a22003015a 4500001001000000003000400010005001700014008004100031020002600072020002200098040005000120082002200170100003500192245007200227246001700299250001200316260007300328300003400401500002300435520067700458650006001135650005701195651001001252653003301262942000801295999001701303952016201320016385169OSt20160120144724.0130510s2014 enka frd 001 0 eng d a9780335244911 (pbk.)  a0335244912 (pbk.) aStDuBDSbengcStDuBDSdUkdEG-ScBUEdEG-ScBUE04a615.1076bROG2221 aRogers, Katherine M. A.93911910aNurses! :btest yourself in pharmacology /cKatherine M. A. Rogers.30aPharmacology a1st ed. aBerkshire : bOpen University Press / McGraw-Hill Education, c2014. axix, 212 p. :bill. ;c22 cm. aGlossay : 211-212. aThis book is designed as a revision and study aid for student nurses undertaking their pharmacology module/s and related exam assessment. It is a self-test book of self-assessment questions and quizzes that is designed to both test students learning and help them tackle their knowledge gaps by explaining the answers to all the questions included. The text is organised into body systems chapters and each chapter includes the following types of questions: *True or False *Multiple Choice *Fill in the blank *Match the terms. Within each chapter, all the answers are given and then explained - so the book can be used both for self-testing and more constructive revision. 7aPharmacologyxExaminationsvStudy guides.2BUEsh937639 7aNursingvExaminations, questions, etc.2BUEsh912268 2BUEsh bPPhrmcJune2015cJanuary2016 2ddc c20083d20055 00102ddc40708ScientificaMAINbMAINc1STd2015-06-29ePurchaseg210.00h1091l4m33o615.1076 ROGp000038840r2025-07-15 00:00:00s2024-10-21v263.00yBB